000 00665nam a22002417a 4500
003 UA-OsUOA
001 35984
007 ta
008 20060110b un ||||| |||| 00| 0 ukr d
100 _aУльянова Л. П.
090 _a330(075.8)
_bУ-51
942 _cBK
040 _aUA-OsUOA
_bukr
_cUA-OsUOA
_dUA-OsUOA
245 _aПолітекономія: питання і відповіді
_bНавчальний посібник
300 _a157 с.
955 _a2
041 _aukr
080 _a330(075.8)
020 _a966-608-344-2
260 _aК.
_bМАУП
_c2003
650 7 _a330 Економіка взагалі
_2UDC
999 _c322291
_d322291